000 00712nas a2200265 4500
001 BR0804023
003 BR-BrBNA
005 20231205112326.0
007 ta
008 230509b bl.|||p| |||| 00| 00por d
040 _aBR-BrBNA
_bpor
_cBiblioteca Nacional de Agricultura
041 _a(Pt)
072 _aE14
100 1 _aSilva, C.R. da
245 1 _aProduzir; o dragão da inflação
650 _aANÁLISE ECONÔMICA
650 _aINFLAÇÃO
650 _aPRODUTOR
650 _aINSUMO
650 _aPREÇO
650 _aDEMANDA
773 0 _tAgroanalysis (Brazil)
_xISSN 0100-4298
_g(Jan-2008), v. 28(1) p. 49-50
_wBR0804023
909 _a202311
_bLúcia
_c55
_dLúcia Elande
942 _2AGRIS
_n0
_cANA
999 _c197442
_d197442